00477nam a2200109Ia 4500008004100000245019400041260003500235260000900270300000900279650001300288856006600301170516s9999 xx 000 0 und d aFabrication and Evaluation of Bilayer Floating Tablet Containing Conventional Ibuprofen and Modified Release Pregabalin for Combination Pharmacotherapy of Neuropathic Pain Santosh R. Kamble bAsian Journal of Pharmaceutics c2016 a10:3 xPharmacy uhttp://www.asiapharmaceutics.info/index.php/ajp/issue/view/67